[Event "BL2-West 1617"]
[Site "Germany"]
[Date "2017.03.19"]
[Round "7.6"]
[White "Reinderman, Dimitri"]
[Black "Scholz, Christian"]
[Result "1-0"]
[WhiteElo "2578"]
[BlackElo "2378"]
[PlyCount "71"]
[EventDate "2016.10.16"]
[EventType "team-tourn"]
[EventRounds "9"]
[EventCountry "GER"]
[SourceTitle "EXT 2018"]
[Source "ChessBase"]
[SourceDate "2017.10.13"]
[SourceVersion "1"]
[SourceVersionDate "2017.10.13"]
[SourceQuality "1"]
[WhiteTeam "Koeln Porz"]
[BlackTeam "Katernberg"]
[WhiteTeamCountry "GER"]
[BlackTeamCountry "GER"]

1. c4 Nf6 2. Nc3 g6 3. e4 d6 4. d4 Bg7 5. Nf3 0-0 6. Be2 e5 7. 0-0 Nc6 8. d5 Ne7 9. Ne1 Nd7 10. Be3 f5 11. f3 f4 12. Bf2 g5 13. a4 a5 14. Nd3 Nf6 15. c5 h5 16. cxd6 cxd6 17. Qb3 Ng6 18. Bb6 Qe7 19. Nb5 Ne8 20. Nf2 Nh4 21. Rac1 g4 22. fxg4 hxg4 23. Bxg4 Bxg4 24. Nxg4 Qg5 25. Qh3 Nf6 26. Nxf6+ Rxf6 27. Bf2 Rh6 28. Bxh4 Rxh4 29. Qe6+ Kh7 30. Nxd6 Rf8 31. Nf5 Rg4 32. Rc7 Rg8 33. Qxg8+ Kxg8 34. Rxg7+ Qxg7 35. Nxg7 Kxg7 36. Rf3 1-0

[Event "BL2-West 1617"]
[Site "Germany"]
[Date "2017.02.19"]
[Round "6.5"]
[White "Klein, Felix"]
[Black "Scholz, Christian"]
[Result "0-1"]
[WhiteElo "2313"]
[BlackElo "2378"]
[PlyCount "76"]
[EventDate "2016.10.16"]
[EventType "team-tourn"]
[EventRounds "9"]
[EventCountry "GER"]
[SourceTitle "EXT 2018"]
[Source "ChessBase"]
[SourceDate "2017.10.13"]
[SourceVersion "1"]
[SourceVersionDate "2017.10.13"]
[SourceQuality "1"]
[WhiteTeam "Aachen SV"]
[BlackTeam "Katernberg"]
[WhiteTeamCountry "GER"]
[BlackTeamCountry "GER"]

1. e4 c5 2. Nf3 d6 3. d4 cxd4 4. Nxd4 Nf6 5. Nc3 a6 6. Be3 e5 7. Nf3 Qc7 8. a4 Be7 9. Be2 0-0 10. 0-0 Be6 11. a5 Nbd7 12. Nd5 Nxd5 13. exd5 Bg4 14. Ra4 f5 15. Ng5 Bxe2 16. Qxe2 Bxg5 17. Bxg5 Rac8 18. b3 Qxc2 19. Qxc2 Rxc2 20. Rb4 Nc5 21. Be7 Rf7 22. Bxd6 Rd7 23. Rb6 e4 24. g4 g6 25. f3 e3 26. Bxc5 Rxc5 27. f4 fxg4 28. Re1 Rxa5 29. Rxe3 Raxd5 30. Kf2 R5d6 31. Rb4 Kf7 32. Kg3 h5 33. Kh4 Rd4 34. Rb6 Rxf4 35. Ree6 Rf5 36. h3 Rd3 37. hxg4 g5+ 38. Kxh5 Rh3# 0-1

[Event "BL2-West 1617"]
[Site "Germany"]
[Date "2016.12.05"]
[Round "3.5"]
[White "Scholz, Christian"]
[Black "Pap, Misa"]
[Result "1-0"]
[WhiteElo "2378"]
[BlackElo "2495"]
[PlyCount "99"]
[EventDate "2016.10.16"]
[EventType "team-tourn"]
[EventRounds "9"]
[EventCountry "GER"]
[SourceTitle "EXT 2018"]
[Source "ChessBase"]
[SourceDate "2017.10.13"]
[SourceVersion "1"]
[SourceVersionDate "2017.10.13"]
[SourceQuality "1"]
[WhiteTeam "Katernberg"]
[BlackTeam "Dortmund Hansa"]
[WhiteTeamCountry "GER"]
[BlackTeamCountry "GER"]

1. d4 Nf6 2. c4 e6 3. Nf3 Bb4+ 4. Bd2 Qe7 5. g3 Nc6 6. Bg2 Bxd2+ 7. Nbxd2 d6 8. 0-0 0-0 9. Qc2 e5 10. d5 Nb8 11. b4 e4 12. Ng5 e3 13. Nde4 Nxe4 14. Nxe4 a5 15. bxa5 exf2+ 16. Rxf2 Rxa5 17. c5 Na6 18. cxd6 cxd6 19. Nd2 Nc5 20. Nc4 Ra6 21. e4 b5 22. Nd2 Ra3 23. Rf3 Rxf3 24. Nxf3 Qxe4 25. Qxe4 Nxe4 26. Nd4 Nc3 27. Rc1 Nxa2 28. Rc6 g6 29. Nxb5 Bb7 30. Rc7 Ba8 31. Ra7 Nb4 32. Nc7 Bxd5 33. Nxd5 Nxd5 34. Bxd5 Kg7 35. Rd7 h5 36. Rxd6 f5 37. Bc4 Rf6 38. Rxf6 Kxf6 39. Kf2 h4 40. Ke3 Ke5 41. Bf1 g5 42. Kd3 Kd5 43. Bg2+ Ke5 44. Bh1 Kf6 45. Kd4 Ke6 46. Bb7 Kf6 47. Bc8 g4 48. Ke3 Ke5 49. Bd7 h3 50. Bc8 1-0

[Event "BL2-West 1516"]
[Site "Germany"]
[Date "2016.03.13"]
[Round "8.7"]
[White "Roeder, Mathias"]
[Black "Scholz, Christian"]
[Result "1/2-1/2"]
[WhiteElo "2367"]
[BlackElo "2362"]
[PlyCount "51"]
[EventDate "2015.09.20"]
[EventType "team-tourn"]
[EventRounds "9"]
[EventCountry "GER"]
[SourceTitle "EXT 2017"]
[Source "ChessBase"]
[SourceDate "2016.10.25"]
[SourceVersion "1"]
[SourceVersionDate "2016.10.25"]
[SourceQuality "1"]
[WhiteTeam "Aachen DJK"]
[BlackTeam "Katernberg"]
[WhiteTeamCountry "GER"]
[BlackTeamCountry "GER"]

1. Nf3 Nf6 2. c4 g6 3. Nc3 Bg7 4. e4 d6 5. d4 0-0 6. Be2 Na6 7. 0-0 e5 8. Be3 h6 9. dxe5 Ng4 10. Bd2 Nxe5 11. Nxe5 dxe5 12. Be3 c6 13. Qxd8 Rxd8 14. Rfd1 Re8 15. c5 Nc7 16. Rd2 Ne6 17. Bc4 Nd4 18. Ne2 Be6 19. Bxe6 Rxe6 20. Rad1 Rd8 21. Kf1 Re7 22. Nxd4 exd4 23. Bxd4 Rxe4 24. Bxg7 Rxd2 25. Rxd2 Kxg7 26. Rd7 1/2-1/2